| 000 | 00780nem a2200229 a 4500 | ||
|---|---|---|---|
| 001 | 2045424 | ||
| 003 | AM-YEHGA | ||
| 005 | 20260407101018.0 | ||
| 007 | aj canzn | ||
| 008 | 260112s1915 gs ||||| |a|| d | 0 arm | | ||
| 034 | 1 | _a1.000.000 | |
| 040 | _aAM-YEHGA | ||
| 041 | 0 | _aarm | |
| 245 | 0 | 0 |
_aՀայաստան եւ հարևան երկիրներ : _bԸստ Լինչի եւ Օսւալդի / _cԽմբ․ և հրատ․՝ Ա․ Աբեղեան․ |
| 250 | _aԲ․ հրատ․ | ||
| 255 | _a1:1.000.000 | ||
| 260 |
_aԹիֆլիս ։ _b[Կ․ Մեսխիև], _c1915․ |
||
| 300 |
_a1 ծալվ. թ. : _bգուն. քարտեզ ; _c76x100 սմ․ |
||
| 651 | 4 |
_aՀայաստան _vՔարտեզ |
|
| 700 | 1 |
_aԱբեղեան, Ա․ _eխմբ․ _4edt _eհրատ․ _4pbl |
|
| 942 |
_2udc _cMP |
||
| 999 |
_c540314 _d540314 |
||